Uplatňovanie cenovej diskriminácie v SR diplomová práca

Saved in:
Bibliographic Details
Main Author: Goruša, Peter
Corporate Author: Fakulta podnikového manažmentu EU. Katedra podnikovohospodárska
Other Authors: Grisáková, Nora, 1978-
Format: Book
Language:Slovak
Published: Bratislava 2011
Tags: Add Tag
No Tags, Be the first to tag this record!

MARC

LEADER 00000nbm a2200000 4500
001 0131545
005 20161109101713.0
041 0 |a slo 
044 |a SK 
245 1 0 |a Uplatňovanie cenovej diskriminácie v SR  |b diplomová práca  |c Peter Goruša ; školiteľ: Nora Grisáková 
264 1 |a Bratislava  |c 2011 
300 |a 52 s. 
100 1 |a Goruša, Peter 
700 1 |a Grisáková, Nora, 1978- 
710 2 |a Fakulta podnikového manažmentu EU. Katedra podnikovohospodárska